Statistics for Baltimore Ravens: All-Time NFL 1st Round Draft Picks

Click here to take the quiz!

General Stats

  • This quiz has been taken 580 times
    (175 since last reset)
  • The average score is 11 of 21

Answer Stats

Hint Answer % Correct
1996: Pick 26: Miami (FL): LBRay Lewis
96%
2000: Pick 5: Tennessee: HBJamal Lewis
92%
2008: Pick 18: Delaware: QBJoe Flacco
87%
2002: Pick 24: Miami (FL): DBEd Reed
81%
1996: Pick 4: UCLA: OTJonathan Ogden
76%
2003: Pick 10: Arizona St.: LBTerrell Suggs
73%
2011: Pick 27: Colorado: DBJimmy Smith
71%
2014: Pick 17: Alabama: LBC.J. Mosley
68%
2016: Pick 6: Notre Dame: OTRonnie Stanley
59%
2015: Pick 26: UCF: WRBreshad Perriman
58%
2001: Pick 31: Arizona St.: TETodd Heap
57%
2003: Pick 19: California: QBKyle Boller
49%
2006: Pick 12: Oregon: DLHaloti Ngata
46%
2009: Pick 23: Mississippi: OLMichael Oher
38%
2013: Pick 32: Florida: DBMatt Elam
32%
1997: Pick 4: Florida St.: LBPeter Boulware
30%
2005: Pick 22: Oklahoma: WRMark Clayton
26%
1999: Pick 10: Arizona: DBChris McAlister
20%
2000: Pick 10: Florida: WRTravis Taylor
16%
2007: Pick 29: Auburn: OLBen Grubbs
16%
1998: Pick 10: Miami (FL): DBDuane Starks
16%

Score Distribution

Percentile by Number Answered

Percent of People with Each Score

Your Score History

You have not taken this quiz since the last reset